[Event "4th Ordu Open 2018"]
[Site "Ordu"]
[Date "2018.04.10"]
[Round "2.1"]
[White "Azaladze, Shota"]
[Black "Kovalenko, Igor"]
[Result "0-1"]
[WhiteElo "2446"]
[BlackElo "2630"]
[Annotator "TA"]
[PlyCount "52"]
[EventType "swiss"]
[EventCountry "TUR"]
[SourceTitle "playchess.com"]
[Source "ChessBase"]
[SourceQuality "1"]

{[%evp 10,52,11,1,16,-7,-7,-22,-2,-9,-9,-27,-30,-40,-31,-40,-18,-70,-27,-204,-204,-214,-213,-209,-209,-216,-206,-213,-214,-215,-213,-212,-199,-195,-147,-229,-222,-444,-446,-469,-466,-470,-450,-587,-577]} 1. Nf3 d5 2. g3 Bg4 3. Bg2 Nd7 4. O-O c6 5. d3 e6 6. b3 {LiveBook: 37 Games} Qf6 {A07: Réti Opening: New York and Capablanca Systems} (6... Be7 7. Bb2 Bf6 8. d4 Bxf3 9. Bxf3 Ne7 10. c4 dxc4 11. bxc4 e5 12. e3 exd4 13. exd4 O-O 14. Nd2 {1-0 (75) Martinovic,S (2519)-Miton,K (2610) Slovakia 2016}) 7. c3 h5 $146 {[%cal Bh7h5,Bh5h4][%mdl 32]} ({Predecessor:} 7... Bd6 8. Qc2 Ne7 9. a4 O-O 10. Ra2 Rac8 11. c4 h6 12. Nc3 Nf5 13. Bb2 e5 14. Qd1 {0-1 (66) Habibi,A (2350)-Bernasconi,C Switzerland 1992}) 8. d4 Be7 {The position is equal.} 9. h3 Bxf3 10. exf3 h4 11. f4 Bd6 12. Nd2 Qg6 13. Qg4 (13. Qe1 $11) 13... Qh7 14. Nf3 $2 {[#]} (14. Qd1 $11 {and White has nothing to worry.}) 14... Ngf6 $1 $19 {[%cal Bg8f6,Bf6g4,Bg4f2][%mdl 32]} 15. Ng5 (15. Qxh4 $2 Qg8 $19) 15... Nxg4 16. Nxh7 {[#]} Nxf2 $1 (16... Rxh7 17. hxg4 O-O-O 18. g5 $11) 17. Rxf2 {Black must now prevent Ng5.} hxg3 (17... Rxh7 18. g4 $15) 18. Re2 {Strongly threatening Ng5.} Rxh7 19. f5 Nf8 20. c4 O-O-O 21. Bg5 Rd7 (21... exf5 22. Bxd8 Kxd8 23. cxd5 $15) 22. cxd5 (22. Rf1 $17) 22... exd5 ({Don't take} 22... cxd5 23. Rf1) 23. Bxd5 $2 (23. Rf1) 23... f6 {[%cal Bf7f6,Bf6g5][%mdl 32] Black is clearly winning.} ({Stronger than} 23... cxd5 24. Rc1+ Bc5 25. Rxc5+ Rc7 26. Re8+ Kd7 27. Rd8#) 24. Be6 fxg5 25. Bxd7+ Kxd7 ({Weaker is} 25... Nxd7 26. Re6 $19) 26. Kg2 Rh4 {Precision: White = 42%, Black = 66%.} 0-1

[Event "4th Ordu Open 2018"]
[Site "Ordu"]
[Date "2018.04.10"]
[Round "2.2"]
[White "Abasov, Nijat"]
[Black "Manik, Mikulas"]
[Result "1-0"]
[WhiteElo "2622"]
[BlackElo "2433"]
[Annotator "TA"]
[PlyCount "69"]
[EventType "swiss"]
[EventCountry "TUR"]
[SourceTitle "playchess.com"]
[Source "ChessBase"]
[SourceQuality "1"]

{[%evp 16,69,13,15,36,38,82,60,52,56,60,61,61,62,52,55,93,75,243,244,257,179,179,39,41,54,88,82,82,85,85,85,93,85,85,85,83,73,177,173,180,168,165,149,160,149,261,252,277,260,307,264,437,427,508,537]} 1. d4 Nf6 2. Bf4 c5 3. e3 e6 4. c3 d5 5. Nf3 Qb6 6. Qb3 Be7 {D02: 1 d4 d5 2 Nf3 sidelines, including 2...Nf6 3 g3 and 2...Nf6 3 Bf4} 7. h3 O-O 8. Nbd2 Nc6 9. Be2 {LiveBook: 10 Games} Qa5 (9... Bd7 10. Qxb6 axb6 11. Bc7 Bd8 12. Bd6 Be7 {1-0 (91) Grachev,B (2640)-Kamsky,G (2723) Moscow 2008}) 10. O-O b6 $146 ({Predecessor:} 10... a6 11. Qc2 cxd4 12. exd4 Bd7 13. Ne5 Rfc8 14. Nxc6 Bxc6 15. a4 Be8 16. Bd3 Qd8 {0-1 (50) Lochte,S (1956)-Adler,B (2167) Caleta 2012}) 11. a4 Ba6 $1 {[%cal Ra6e2]} 12. Qd1 $1 {Hoping for Nb3.} Bxe2 13. Qxe2 c4 14. Rfc1 Qa6 15. b3 {[%cal Bb2b3,Bb3b4][%mdl 32]} Nd7 16. Kf1 Na5 $2 (16... Rfd8 $16 {keeps fighting.}) 17. b4 $18 Nb7 18. e4 Rfe8 {[#]} 19. e5 (19. b5 $1 $18 {[%cal Rb5a6]} Qa5 {[#]} 20. Nxc4 $1 {[%mdl 512]} dxc4 21. Nd2) 19... b5 20. a5 f5 21. Qe3 Nf8 22. h4 {[%cal Bh3h4,Bh4h5][%mdl 32]} Ng6 23. Bg5 Bxg5 24. Qxg5 Nd8 25. h5 Nf7 26. Qg3 f4 (26... Ne7 $16) 27. Qh2 Ne7 28. Qxf4 Rf8 29. Qh4 Rae8 30. g4 h6 (30... Nc6 $16 31. Kg2 Nh6) 31. Ke2 g5 32. hxg6 Nxg6 33. Qh2 Ng5 $2 (33... Nd8 34. Rh1 Qb7) 34. Rh1 ({Less strong is} 34. Qxh6 Nf4+ 35. Ke1 Nxf3+ 36. Nxf3 Qb7 $18) 34... Nxf3 35. Nxf3 {Precision: White = 75%, Black = 36%.} 1-0

[Event "4th Ordu Open 2018"]
[Site "Ordu"]
[Date "2018.04.10"]
[Round "2.3"]
[White "Radovanovic, Nikola"]
[Black "Bernadskiy, Vitaliy"]
[Result "1/2-1/2"]
[WhiteElo "2440"]
[BlackElo "2584"]
[Annotator "TA"]
[PlyCount "101"]
[EventType "swiss"]
[EventCountry "TUR"]
[SourceTitle "playchess.com"]
[Source "ChessBase"]
[SourceQuality "1"]

{[%evp 17,101,14,0,-62,0,0,0,0,5,0,0,-19,0,0,0,-9,0,-14,0,0,0,0,46,0,0,0,0,-52,-29,-38,-33,-37,-25,-65,-27,-18,-24,-20,35,-13,0,-13,-12,-12,-22,-8,-10,-10,-14,-13,-15,-15,-8,-8,-8,-8,-8,-8,-8,-8,-8,-8,-8,-64,-15,-22,-38,-64,-64,-64,-36,-36,-39,-75,-75,-75,-75,-75,-75,-75,-75,-75,0,0,0,0]} 1. e4 c5 2. Nf3 d6 3. d4 cxd4 4. Nxd4 Nf6 5. Nc3 a6 6. h3 e6 7. g4 b5 8. g5 {B81: Sicilian Scheveningen: Keres Attack} b4 9. gxf6 bxc3 {LiveBook: 4 Games} 10. bxc3 $146 (10. fxg7 $11 Bxg7 11. bxc3) ({Predecessor:} 10. fxg7 Bxg7 11. bxc3 Qc7 12. Bd2 Nd7 13. Rg1 Bf6 14. Qh5 Ke7 15. Bd3 Bb7 16. Ke2 d5 17. exd5 {½-½ (17) Shirov,A (2651)-Korobov,A (2664) Karlsruhe 2018}) 10... gxf6 (10... Qxf6 $15 11. Rg1 Nd7) 11. Qh5 $11 Qc7 12. Bd2 Nc6 13. Bd3 Ne5 14. f4 {[%cal Bf2f4,Bf4f5][%mdl 32]} Nxd3+ 15. cxd3 Qc5 16. f5 Rb8 17. Nb3 Qb5 18. c4 Qe5 $1 19. Kf2 $1 Rg8 20. Qf3 exf5 21. Rae1 {aiming for exf5.} Bb7 {White must now prevent ...fxe4.} 22. Qxf5 {[#]} (22. Bf4 $11 Qc3 23. Qe3) 22... Rg2+ $1 {[%mdl 512]} 23. Kf1 (23. Kxg2 Qxf5) 23... Qxf5+ 24. exf5+ Kd7 {...Rxd2! is the strong threat.} 25. Rg1 Rxg1+ (25... Rh2 {seems wilder.} 26. Rg3 h5 27. d4 Rc8 28. Rc3 Rh1+) 26. Kxg1 Be7 27. Kf2 d5 ({Better is} 27... Rg8 $11) 28. Rb1 {And now Na5 would win.} Bc6 29. d4 dxc4 30. Nc5+ Kc8 31. Rxb8+ $1 Kxb8 32. Nxa6+ {[%mdl 4096] Endgame KBB-KBN} Kb7 33. Nc5+ Kb6 34. Ke3 Bxc5 (34... Bf8 {looks sharper.} 35. h4 Kb5 36. Bc3 Bh6+ 37. Ke2 Bf4) 35. dxc5+ Kxc5 {KB-KB} 36. Bc3 Bd7 37. Ke4 Ba4 38. Bxf6 Bc2+ 39. Ke5 c3 40. Bg5 (40. Kf4 $11) 40... Kc4 41. Kf6 Be4 42. Kxf7 {Threatens to win with f6.} Bxf5 43. h4 h5 44. Kf6 Bb1 45. a3 Kb3 46. Bc1 Bd3 47. Kg5 Be2 48. Kh6 Kc2 49. Bf4 {[#]} Kb2 (49... Kd3 $1 $17 50. Kg5 Kc4) 50. a4 $1 c2 (50... Ka3 $5 51. a5 $8 Kb3 $11) 51. a5 {Precision: White = 61%, Black = 39%.} 1/2-1/2

[Event "4th Ordu Open 2018"]
[Site "Ordu"]
[Date "2018.04.10"]
[Round "2.4"]
[White "Sivuk, Vitaly"]
[Black "Bakre, Tejas"]
[Result "1-0"]
[WhiteElo "2525"]
[BlackElo "2427"]
[Annotator "TA"]
[PlyCount "123"]
[EventType "swiss"]
[EventCountry "TUR"]
[SourceTitle "playchess.com"]
[Source "ChessBase"]
[SourceQuality "1"]

{[%evp 22,123,8,6,60,27,63,32,45,19,17,15,38,27,68,60,80,75,98,86,107,98,106,89,134,137,129,129,188,183,174,169,185,177,180,122,122,122,123,123,360,367,441,425,426,420,388,350,1000,372,468,468,458,458,435,350,389,315,421,406,502,447,447,447,447,447,447,447,447,439,475,433,438,346,296,204,420,444,366,283,277,230,206,127,254,231,222,212,111,28,28,28,30,48,1743,341,209,0,1743,1743,29981,29982,29985,29986]} 1. d4 d5 2. c4 c6 3. Nf3 Nf6 4. e3 Bf5 5. Nc3 e6 6. Nh4 Bg6 7. Nxg6 hxg6 8. Bd3 Nbd7 {D12: Slav Defence: 3 Nf3 Nf6 4 e3 Bf5} 9. O-O Bd6 10. h3 Qe7 11. e4 dxe4 12. Bxe4 {LiveBook: 3 Games} Qd8 (12... O-O-O $11) (12... O-O 13. Bg5 Qd8 14. Re1 Qc7 15. Qf3 Bb4 {1-0 (38) Kramnik,V (2808)-Giri,A (2771) Leuven 2017}) 13. Bf3 O-O 14. Be3 Re8 $146 ({Predecessor:} 14... Rc8) 15. g3 e5 16. d5 cxd5 17. Bxd5 Qb8 18. Bg2 $36 {[%mdl 2048] White has the initiative.} Bc5 19. Re1 Bxe3 20. Rxe3 Nc5 21. Qe2 a5 22. Re1 {[%cal Re3e5]} Nfd7 {[#]} 23. f4 $1 {[%mdl 512]} Ra6 (23... exf4 24. Rxe8+) 24. Bd5 $1 (24. fxe5 Rae6 $14) 24... Rf6 (24... e4 $16 {was called for.}) 25. Kg2 Rf5 26. Nb5 Ne6 27. fxe5 Rg5 28. Kh2 (28. Kh1 $1 $18) 28... Nd8 $16 {[%cal Rg5e5]} 29. e6 Nxe6 30. h4 (30. Bxe6 $6 Rxe6 31. Qd2 Nf6 $11) 30... Rf5 $2 {[#]} (30... Rh5 $16) 31. Nd4 $1 $18 {[%cal Rd4f5][%mdl 512]} Nf6 {next ...Rf2+ is good for Black.} (31... Nxd4 32. Rxe8+) 32. Bxe6 fxe6 33. Nxf5 gxf5 34. Rxe6 Rd8 $2 {[#]} (34... Rf8 35. Re7 Ne4) 35. Rd1 $2 (35. Rxf6 $1 gxf6 36. Qe6+ Kg7 37. Qe7+ Kg8 38. Qxf6) 35... f4 36. Rxd8+ Qxd8 37. gxf4 {[%mdl 4096] Endgame KQR-KQN} Qd4 38. Qf3 Qxb2+ 39. Re2 Qc1 40. Rg2 a4 41. Qg3 {[%csl Gg2][%cal Rg3g7]} Ne8 42. f5 Qxc4 {[#]} 43. f6 $1 Qf7 (43... Nxf6 44. Qxg7#) 44. fxg7 Nxg7 45. Qe5 b5 46. h5 {White wants to mate with h6.} Kh7 47. Qe4+ Kh8 48. Qa8+ Ne8 $2 (48... Kh7 {keeps fighting.} 49. Qe4+ Kh8) 49. Kg1 Qe6 {intending ...Qe1+.} 50. Rg3 b4 51. Qg2 ({Weaker is} 51. Qxa4 Qe1+ 52. Kg2 Qe2+ 53. Kg1 Qe1+ 54. Kg2 Qe2+ 55. Kg1 Qe1+ $11) 51... Nf6 52. h6 Qe1+ (52... Qe5 $16) 53. Kh2 {Rg8+! would kill now.} Qe5 {[#] aiming for ...Ne4.} 54. Qa8+ $1 Ne8 {[#]} 55. Qf3 ({Reject} 55. Qxa4 $6 Qe2+ 56. Kh3 Qe6+ 57. Kh4 Qe4+ 58. Rg4 Qe1+ 59. Kh3 Qe3+ 60. Rg3 Qe6+ 61. Rg4 Qe3+ 62. Rg3 Qe6+ $11) ({Better is} 55. Qc6 $1 $16 {[%cal Rc6g6] White threatens Qg6 and mate.} Qe2+ 56. Rg2 Qe5+ 57. Kh3) 55... Nf6 $1 $11 56. Kg2 {Black must now prevent Rg6.} b3 57. axb3 a3 $2 {[%mdl 8192]} (57... axb3 $14 58. Qa8+ (58. Qxb3 Qe2+ 59. Kg1 Qe1+ 60. Kg2 Qe2+ 61. Kh1 Qe1+ 62. Kh2 Qe2+ 63. Kh1 Qe1+ 64. Kh2 Qe2+ 65. Kh1 $14) 58... Ne8 59. Rxb3 Qg5+ 60. Rg3 Qd2+ 61. Kh3 Qxh6+ 62. Kg2 Qd2+ 63. Kh1 Qe1+ 64. Kh2 Qf2+ 65. Kh3 Qf5+ 66. Kg2 Qc2+ 67. Kh1 Qd1+ 68. Kh2 Qe2+ 69. Rg2 Qe5+ 70. Kh3 Qf5+ 71. Kg3 Qg6+ 72. Kf3 Qd3+ 73. Kf4 Qd4+ 74. Kg3 Qe3+ 75. Kg4 Qe6+ 76. Kf3 Qf5+ 77. Ke3 Qe5+ 78. Kd3 Qf5+ 79. Kd4 Qf6+ 80. Kd3 Qf5+ 81. Kc3 Qe5+ 82. Kc2 Qc5+ 83. Kd1 Qd4+ 84. Kc1 Qf4+ 85. Kb2 Qf6+ 86. Kc2 Qf5+ 87. Kc1 Qf1+ 88. Kd2 Qf4+ 89. Kc2 Qf5+ 90. Kd2 Qf4+ 91. Kc3 Qf6+ 92. Kb3 Qe6+ 93. Kb2 Qf6+ 94. Kc2 Qf5+) 58. Qa8+ $2 (58. Qc3 Qxc3 59. Rxc3) 58... Ne8 $18 59. Qf3 $2 (59. Kf2) 59... Nf6 $1 60. Qc3 Qe2+ 61. Kg1 Qd1+ 62. Kf2 {Precision: White = 58%, Black = 41%.} 1-0

[Event "4th Ordu Open 2018"]
[Site "Ordu"]
[Date "2018.04.10"]
[Round "2.5"]
[White "Dvirnyy, Danyyil"]
[Black "Naumkin, Igor"]
[Result "1/2-1/2"]
[WhiteElo "2512"]
[BlackElo "2418"]
[Annotator "TA"]
[PlyCount "85"]
[EventType "swiss"]
[EventCountry "TUR"]
[SourceTitle "playchess.com"]
[Source "ChessBase"]
[SourceQuality "1"]

{[%evp 21,85,28,34,-6,23,0,27,18,41,37,41,33,36,35,42,21,28,0,28,-15,-4,-15,0,0,7,0,0,-10,2,0,0,0,0,0,0,0,0,0,0,0,0,0,0,-15,0,-22,0,0,29,13,179,0,0,0,0,0,0,-11,0,-7,0,0,0,-8,-6,-7]} 1. d4 Nf6 2. c4 e6 3. Nf3 b6 4. g3 Bb7 5. Bg2 Be7 6. Nc3 Ne4 7. Bd2 Bf6 8. O-O O-O 9. Qc2 Nxd2 10. Qxd2 d6 11. e4 Nd7 {LiveBook: 60 Games} 12. h4 {[%cal Bh2h4,Bh4h5][%mdl 32] E18: Queen's Indian: Old Main Line (4 g3 Bb7 5 Bg2 Be7 6 0-0 0-0 7 Nc3)} (12. Rad1 g6 13. Rfe1 Bg7 14. d5 e5 15. b4 a5 16. a3 Ba6 17. Nb5 Nf6 18. Bh3 Qe7 19. Ra1 axb4 20. Qxb4 Bxb5 21. cxb5 {1-0 (41) Morozevich,A (2722)-Alekseev,E (2678) Loo 2014}) 12... g6 13. d5 $146 ({Predecessor:} 13. Rad1 Bg7 14. Rfe1 a6 15. Qe2 Qe7 16. e5 Rfd8 17. h5 Rab8 18. exd6 cxd6 19. Qe3 b5 20. cxb5 axb5 {0-1 (39) Pein,M (2420)-Emms,J (2400) Tel Aviv 1990}) 13... e5 14. Bh3 {White has an edge.} Qe7 15. h5 a6 16. Kg2 Bg7 17. Rh1 Nf6 18. hxg6 hxg6 19. Qd3 Rfd8 (19... b5 $5) 20. Rh2 b5 21. b3 bxc4 22. bxc4 c6 23. Rah1 cxd5 24. cxd5 Ra7 25. Nh4 {[#] Hoping for Nxg6!} Bc8 26. Nd1 Ng4 27. Bxg4 $1 Bxg4 28. Ne3 Bd7 29. Rb1 Bb5 30. Qd1 Rc7 31. a4 Bd7 32. Rb6 a5 33. Rh1 Qe8 34. Qd2 Rc5 35. Ra6 Bxa4 $2 {[#]} (35... Bf8 $11) 36. Rxa5 $2 (36. Nhf5 $1 $18 {[%mdl 512]} Bc2 (36... gxf5 37. Nxf5) 37. Nxd6 (37. Nxg7 Qa4 $16)) 36... Rxa5 $11 {The position is equal.} 37. Qxa5 Ra8 38. Qd2 Bd7 39. Rb1 Ra4 40. Rb4 Bh6 {...Bxe3 is the strong threat.} 41. Rxa4 Bxa4 42. Qc3 Qb8 43. Nf3 {Precision: White = 42%, Black = 43%.} 1/2-1/2

[Event "4th Ordu Open 2018"]
[Site "Ordu"]
[Date "2018.04.10"]
[Round "2.6"]
[White "Druska, Juraj"]
[Black "Nagy, Gabor"]
[Result "0-1"]
[WhiteElo "2429"]
[BlackElo "2481"]
[Annotator "TA"]
[PlyCount "102"]
[EventType "swiss"]
[EventCountry "TUR"]
[SourceTitle "playchess.com"]
[Source "ChessBase"]
[SourceQuality "1"]

{[%evp 18,102,17,18,46,22,32,33,18,17,28,13,27,18,27,32,23,0,0,0,7,-78,-71,-72,-74,-72,-72,-72,-59,-60,-43,-64,-69,-67,0,-68,-59,-102,-106,-116,-112,-100,-88,-122,-119,-335,-215,-218,-191,-175,-116,-106,-113,-129,-107,-108,-76,-115,-82,-531,-522,-768,-772,-751,-741,-1178,-1178,-1178,-1170,-1092,-1102,-1169,-1151,-1029,-1020,-2124,-2086,-29938,-5420,-29984,-29985,-29990,-29982,-29985,-1110,-1143,-1085]} 1. e4 c5 2. Nf3 e6 3. d4 cxd4 4. Nxd4 Nc6 5. Nc3 Qc7 6. Qd3 {B47: Sicilian: Taimanov: 5 Nc3 Qc7 6 f4, 6 g3 and 6 Be2} (6. Be3 a6 7. Qd2 Nf6 8. f4 Bb4 9. Bd3 Na5 10. a3 Bxc3 11. Qxc3 Qxc3+ 12. bxc3 d5 13. exd5 exd5 14. Nb3 Nc4 15. Bd4 Ne4 {1-0 (57) Carlsen,M (2834)-Matlakov,M (2718) Wijk aan Zee 2018}) 6... Nf6 7. Ndb5 Qb8 8. Qg3 d6 9. Be3 a6 10. Nd4 {LiveBook: 22 Games} Be7 11. O-O-O O-O 12. Nxc6 $146 ({Find the theoretical novelty and annotate with similar games:} 12. Be2 Nxd4 13. Bxd4 b5 14. e5 dxe5 15. Bxe5 Qa7 16. Bf3 b4 17. Na4 Bd7 18. Rxd7 Qxd7 19. Nb6 Qb5 20. Nxa8 {1-0 (20) Nigmatov,O (2361)-Makarian,R (2201) Moscow 2018}) 12... bxc6 13. h4 e5 14. Bg5 Kh8 15. Bc4 Be6 16. Bb3 a5 17. f4 (17. Qd3 {NOTEXT} Rd8 18. Bxe6 fxe6 19. Qh3 Qc8 20. Na4) 17... exf4 18. Qxf4 Qb4 (18... a4 {NOTEXT} 19. Nxa4 c5 20. Nc3 c4 21. Bxc4 Bxc4 22. e5 dxe5 23. Qxc4 Qb7) 19. Bxf6 (19. e5 $11 dxe5 20. Qxe5) 19... Bxf6 $17 20. Qxd6 Bxc3 21. bxc3 Qxc3 {Threatens to win with ...Rad8!} 22. Qd4 Qg3 $1 23. Rd3 Qf4+ ({Reject} 23... Qxg2 24. Rg1 $11) 24. Qe3 Qe5 25. Qd4 Qf4+ 26. Qe3 Qc7 27. Rhd1 Bg4 28. Rf1 a4 29. Bc4 Rab8 30. Qg3 Qb6 31. Kd2 $2 (31. Qxg4 $17 Qb1+ 32. Kd2 Qxf1 33. Qxg7+ $1 {[%mdl 512]} Kxg7 34. Rg3+ Kf6 35. Bxf1) 31... Qb4+ 32. Rc3 Rbd8+ 33. Bd3 {[#]} Be6 (33... Be2 $1 $19 {[%mdl 512]} 34. Re1 (34. Kxe2 Qxc3) 34... Bxd3 35. cxd3 c5) 34. a3 Qxe4 35. Rf4 Qd5 $36 {[%mdl 2048] Black is really pushing.} 36. Qf3 Qd6 {White must now prevent ...c5.} 37. Rxa4 c5 {And now ...c4 would win.} 38. Qh5 $2 {[%mdl 8192] [#]} (38. Kc1 $17 {is tougher.}) 38... f5 $1 $19 39. Kc1 Qe5 40. Kd2 c4 41. Raxc4 Bxc4 42. Rxc4 Rfe8 {[%csl Ge8][%cal Re5e1]} 43. Qd1 Qa5+ 44. Rb4 Qxa3 45. Qb1 Qa7 46. Qf1 Qe3+ 47. Kc3 Rc8+ 48. Kb3 Qd2 49. Qa1 Re1 50. Qb2 {[#]} Qxg2 (50... Rb1 $142 $1 {[%mdl 512]} 51. Qxb1 Qc3+ 52. Ka4 Ra8+ 53. Kb5 Qc7 54. Qa1 Rxa1 55. Ra4 Qb7+ 56. Kc5 Rxa4 57. Bb5 Qc7+ 58. Kd5 Re4 59. c3 Re5+ 60. Kd4 Qc5+ 61. Kd3 Re3+ 62. Kc2 Rxc3+ 63. Kd1 Qe3 64. h5 Rc1#) 51. Rb5 Qg1 {Precision: White = 37%, Black = 72%.} 0-1

[Event "4th Ordu Open 2018"]
[Site "Ordu"]
[Date "2018.04.10"]
[Round "2.7"]
[White "Papin, Vasily"]
[Black "Okhotnik, Vladimir"]
[Result "1/2-1/2"]
[WhiteElo "2475"]
[BlackElo "2399"]
[Annotator "TA"]
[PlyCount "57"]
[EventType "swiss"]
[EventCountry "TUR"]
[SourceTitle "playchess.com"]
[Source "ChessBase"]
[SourceQuality "1"]

{[%evp 17,57,39,49,46,50,48,64,54,55,60,64,32,67,56,78,59,57,53,54,57,54,56,58,47,54,51,52,39,54,57,96,88,91,73,78,68,68,0,77,0,77,0]} 1. d4 d6 2. Nf3 g6 3. c4 Bg7 4. Nc3 Bg4 5. g3 Bxf3 6. exf3 c6 7. Bh3 Nd7 8. d5 Ngf6 9. O-O O-O {LiveBook: 7 Games} 10. Qe2 $146 {A41: 1 d4 d6: Tartakower System and Modern Defence} ({Find the theoretical novelty and annotate with similar games:} 10. Re1 Re8 11. Be3 Qa5 12. a3 Rad8 13. f4 Qc7 14. Rc1 Qb8 15. f5 a6 16. fxg6 hxg6 17. f4 cxd5 18. cxd5 {0-1 (40) Dautov,R (2617)-Tischbierek,R (2523) Germany 2003}) 10... Re8 11. Rd1 a6 12. Be3 {White is slightly better.} cxd5 13. Nxd5 Nxd5 14. Rxd5 (14. cxd5 {NOTEXT} b5 15. f4 Rc8 16. Qd2 Qc7 17. Rdc1) 14... Qc7 15. Rc1 a5 16. Bxd7 Qxd7 17. b3 a4 18. Rcd1 axb3 19. axb3 Qc6 20. Rb5 Ra6 21. Kg2 e6 22. Qd3 Re7 23. Bd4 {[%cal Be3d4,Bd4c3,Bc3b4][%mdl 32]} f6 24. Bc3 Kf7 25. Bb4 Rd7 26. Rc5 Qb6 {...Ra2 is the strong threat.} 27. Rb5 Qc6 28. Rc5 Qb6 {[#] Strongly threatening ...Ra2.} 29. Rb5 {Precision: White = 61%, Black = 65%.} (29. Qd2 $1 $16) 1/2-1/2

[Event "4th Ordu Open 2018"]
[Site "Ordu"]
[Date "2018.04.10"]
[Round "2.8"]
[White "Sibashvili, Giorgi"]
[Black "Quparadze, Giga"]
[Result "1/2-1/2"]
[WhiteElo "2419"]
[BlackElo "2471"]
[Annotator "TA"]
[PlyCount "91"]
[EventType "swiss"]
[EventCountry "TUR"]
[SourceTitle "playchess.com"]
[Source "ChessBase"]
[SourceQuality "1"]

{[%evp 14,91,35,26,38,23,18,23,29,14,16,18,10,-7,0,-47,-41,-37,-31,-39,-35,-54,-56,-73,0,-52,-27,-38,0,0,14,1,7,0,18,0,18,26,36,10,7,0,0,0,6,3,6,0,23,17,14,8,8,8,10,0,4,4,4,4,4,3,5,4,8,0,8,0,0,0,0,0,0,0,0,0,0,0,0,0]} 1. d4 Nf6 2. c4 e6 3. Nf3 Bb4+ 4. Bd2 a5 5. a3 Bxd2+ 6. Qxd2 b6 {E11: Bogo-Indian} 7. Nc3 Bb7 8. Qf4 {LiveBook: 3 Games} (8. g3 O-O 9. Bg2 Ne4 10. Nxe4 Bxe4 11. O-O a4 12. Qe3 Bb7 13. Qd3 f5 14. Ne5 Bxg2 15. Kxg2 {0-1 (38) So,W (2822)-Carlsen,M (2838) chess.com INT 2017}) 8... d5 {White has an edge.} 9. cxd5 Nxd5 10. Nxd5 Qxd5 11. Qxc7 $146 ({Predecessor:} 11. Qe5 Qxe5 12. Nxe5 Nd7 13. Nxd7 Kxd7 14. e3 Rhc8 15. Rc1 Rab8 16. Bb5+ c6 17. Ba4 Ke7 {½-½ (17) Matsenko,S (2534)-Paichadze,L (2544) Izmir 2016}) 11... Nd7 12. Qc2 Rc8 13. Qd3 (13. Qa4 {feels hotter.} Bc6 14. Qd1 O-O 15. e3 Bb5 16. Bxb5 Qxb5 17. Rb1) 13... e5 14. dxe5 (14. Nxe5 {is interesting.} Nxe5 15. dxe5 Qxe5 16. Rd1 O-O 17. Qd4) 14... Qxd3 15. exd3 Bxf3 $1 16. gxf3 {[#] Black must now prevent Kd2.} Nxe5 17. Kd2 {Threatens to win with Re1.} Nxf3+ 18. Ke3 Ne5 (18... Nh4 $17) 19. f4 ({Better is} 19. d4 $11 Nc4+ 20. Bxc4 Rxc4 21. Kd3) 19... Ng4+ 20. Kd2 h5 21. Bg2 Kd7 22. h3 Nf6 23. Rac1 Kd6 24. Bb7 Rb8 25. Bf3 Rhc8 26. Rhg1 {Strongly threatening Rxc8.} (26. Rc3 {with more complications.} g6 27. Rg1 Ke6 28. Re1+ Kd7 29. d4) 26... g6 27. Rg5 Rxc1 28. Kxc1 $11 {[%mdl 4096] Endgame KRB-KRN} Nd7 29. Kd2 Ke7 30. d4 Rc8 31. h4 Rc4 {The position is equal.} 32. Kd3 Rc1 33. f5 Rf1 34. Be2 Rh1 35. fxg6 fxg6 36. Rxg6 {With the idea Rg5.} Rxh4 37. Rg5 Rh3+ 38. Kc4 Nf6 39. Rb5 Rh2 40. Bf3 Rf2 41. Bxh5 Nxh5 42. Rxh5 Rxb2 43. Rb5 Ra2 44. Rxb6 Rxa3 45. Kd5 Rh3 46. Ke4 {Precision: White = 35%, Black = 53%.} 1/2-1/2

[Event "4th Ordu Open 2018"]
[Site "Ordu"]
[Date "2018.04.10"]
[Round "2.9"]
[White "Haznedaroglu, Kivanc"]
[Black "Nadj Hedjesi, Balind"]
[Result "1/2-1/2"]
[WhiteElo "2453"]
[BlackElo "2330"]
[Annotator "TA"]
[PlyCount "69"]
[EventType "swiss"]
[EventCountry "TUR"]
[SourceTitle "playchess.com"]
[Source "ChessBase"]
[SourceQuality "1"]

{[%evp 16,69,19,4,6,0,0,-11,6,4,0,8,8,-30,-38,-33,10,-14,0,0,0,0,25,22,21,20,35,0,0,-64,37,0,0,0,0,0,0,0,0,0,0,0,0,0,0,0,0,0,0,0,0,0,0,0,0,0]} 1. c4 Nf6 2. Nc3 c5 3. g3 Nc6 4. Bg2 g6 5. e3 Bg7 6. Nge2 O-O 7. O-O d6 8. a3 Bf5 {A36: Symmetrical English vs ...g6: 4 Bg2 Bg7} 9. d3 {LiveBook: 3 Games} (9. d4 Qc8 10. b3 Bh3 11. Bb2 Bxg2 12. Kxg2 cxd4 13. exd4 e5 {½-½ (13) Strikovic,A (2506)-Movsziszian,K (2523) Elgoibar 2016}) 9... Qd7 10. Rb1 Bh3 11. b4 b6 $146 ({Predecessor:} 11... Bxg2 12. Kxg2 b6 13. e4 e6 14. Bg5 h6 15. Bxf6 Bxf6 {1-0 (64) Mikoleizig,E (2250)-Mittendorf,F Baunatal 1996}) 12. b5 Bxg2 13. Kxg2 Na5 14. Nd5 Nxd5 15. cxd5 a6 16. a4 Rfc8 17. Bb2 Bxb2 18. Rxb2 Qb7 19. e4 axb5 20. axb5 Qd7 21. f4 c4 22. Rb4 ({White should try} 22. Nd4 $11) 22... Rc5 (22... Qc7 $15) 23. Nd4 Nb3 {The position is equal.} 24. dxc4 Nxd4 25. Qxd4 Ra2+ 26. Rf2 Qa7 $1 27. e5 Rxf2+ 28. Qxf2 $11 {[%mdl 4096] Endgame KQR-KQR} Qa3 29. Qd2 Qa1 30. exd6 exd6 31. Qc2 Qd4 32. Qf2 Qe4+ 33. Kh3 (33. Qf3 $5 {[%cal Rf3e4]} Qc2+ 34. Qf2 Rxc4 35. Rxc4 Qxc4 36. Qxb6 $11) 33... Qf5+ 34. Kg2 Qe4+ 35. Kh3 {Precision: White = 39%, Black = 61%.} 1/2-1/2